Survey of the population of the red manicoba trhrips Retithrips syriacus (Mayet, 1890) on manicoba (Record no. 70041)

MARC details
000 -LEADER
fixed length control field 00463nam a2200157Ia 4500
100 ## - MAIN ENTRY--AUTHOR NAME
Personal name Bastos J A M
245 #0 - TITLE STATEMENT
Title Survey of the population of the red manicoba trhrips Retithrips syriacus (Mayet, 1890) on manicoba
260 ## - PUBLICATION, DISTRIBUTION, ETC. (IMPRINT)
Name of publisher Fitossanidade
Year of publication 1981
300 ## - PHYSICAL DESCRIPTION
Number of Pages 6-Jan
650 ## - SUBJECT ADDED ENTRY--TOPICAL TERM
Topical Term Manihot glaziovii
700 ## - ADDED ENTRY--PERSONAL NAME
Personal name Alves V P O
700 ## - ADDED ENTRY--PERSONAL NAME
Personal name Magalhaes-Bastos J A
700 ## - ADDED ENTRY--PERSONAL NAME
Personal name Oliveira-Alves V P
942 ## - ADDED ENTRY ELEMENTS (KOHA)
Koha item type Journals
Holdings
Withdrawn status Lost status Damaged status Not for loan Home library Current library Date acquired Serial Enumeration / chronology Koha item type
      Journals RRII Library RRII Library 17/12/2021 Volume 5, Issue 1 Journals